00354nam a22001457a 4500003000400000008004100004020001800045082001400063100002000077245003900097250001100136260002700147300000800174650002600182OSt250423b |||||||| |||| 00| 0 eng d a9789363863354 a006.3 THE aTHAREJA, Reema  aEmerging Technologies For Managers a1st Ed aNew DelhibWileyc2025 a607 aEmerging Technologies